Diseño de una antena de VHF de alta ganancia

Uloženo v:
Podrobná bibliografie
Hlavní autor: Masís Castillo, Walter
Médium: Kniha
Vydáno: [San José , Costa Rica] 1977
Tagy: Přidat tag
Žádné tagy, Buďte první, kdo vytvoří štítek k tomuto záznamu!

MARC

LEADER 00000nam a2200000Ia 4500
003 003024
005 20221231144400.0
008 140114s1977 cr a m 000 ||s d
040 |c cru CEDI 
090 |a TFG 1753 
100 |a Masís Castillo, Walter  |9 13786 
245 |a Diseño de una antena de VHF de alta ganancia 
260 |c 1977  |a [San José , Costa Rica] 
300 |a 51 hojas : ilustraciones  
500 |a A la Cabeza de la portada. Universidad de Costa Rica. Facultad de Ingeniería. Escuela de Ingeniería Eléctrica. Proyecto eléctrico I 
942 |c TFG  |2 ddc 
999 |c 21033  |d 21033